Statistics for Countries of the World Quiz by 2-letter JetPunk code

Click here to take the quiz!

General Stats

  • This quiz has been taken 93 times
  • The average score is 105 of 196

Answer Stats

Country % Correct
us - United States
96%
ca - Canada
95%
ch - Switzerland
94%
au - Australia
92%
br - Brazil
91%
ru - Russia
90%
uk - United Kingdom
86%
in - India
86%
de - Germany
86%
fr - France
86%
ma - Morocco
84%
ar - Argentina
84%
co - Colombia
84%
ir - Iran
84%
pa - Panama
82%
cu - Cuba
82%
bo - Bolivia
82%
sa - Saudi Arabia
82%
fi - Finland
82%
id - Indonesia
81%
se - Sweden
81%
be - Belgium
81%
me - Montenegro
81%
eg - Egypt
81%
al - Albania
78%
ba - Bosnia and
Herzegovina
78%
cl - Chile
77%
ag - Antigua and Barbuda
77%
mx - Mexico
77%
es - Spain
77%
cn - China
75%
so - Somalia
75%
ve - Venezuela
75%
it - Italy
75%
af - Afghanistan
75%
pe - Peru
74%
ni - Nicaragua
74%
ec - Ecuador
73%
no - Norway
73%
li - Liechtenstein
73%
cr - Costa Rica
73%
ge - Georgia
70%
et - Ethiopia
70%
ga - Gabon
69%
bh - Bahrain
69%
ne - Niger
69%
nz - New Zealand
68%
sl - Sierra Leone
68%
jp - Japan
68%
tr - Turkey
68%
bn - Brunei
68%
dk - Denmark
68%
gr - Greece
68%
sd - Sudan
66%
cz - Czech Republic
66%
kz - Kazakhstan
66%
om - Oman
66%
il - Israel
65%
pt - Portugal
65%
ci - Cote d'Ivoire
65%
cm - Cameroon
65%
na - Namibia
65%
bg - Bulgaria
65%
la - Laos
65%
ug - Uganda
64%
pg - Papua New Guinea
64%
is - Iceland
64%
iq - Iraq
64%
my - Malaysia
62%
si - Slovenia
62%
sk - Slovakia
62%
sr - Suriname
62%
bz - Belize
62%
cd - Democratic Republic
of the Congo
62%
sn - Senegal
62%
bs - Bahamas
62%
ye - Yemen
61%
za - South Africa
61%
mn - Mongolia
61%
ie - Ireland
61%
ua - Ukraine
60%
ae - United Arab Emirates
60%
at - Austria
60%
ro - Romania
60%
dr - Dominican Republic
60%
pl - Poland
60%
uy - Uruguay
58%
gy - Guyana
58%
am - Armenia
57%
ng - Nigeria
57%
vn - Vietnam
57%
mg - Madagascar
57%
ph - Philippines
57%
az - Azerbaijan
57%
py - Paraguay
57%
pk - Pakistan
57%
sy - Syria
56%
ss - South Sudan
56%
er - Eritrea
56%
ke - Kenya
56%
ly - Libya
55%
md - Moldova
55%
bi - Burundi
55%
th - Thailand
55%
ml - Mali
53%
mu - Mauritius
53%
bt - Bhutan
53%
mr - Mauritania
53%
sm - San Marino
52%
hu - Hungary
52%
gt - Guatemala
52%
to - Tonga
51%
bd - Bangladesh
51%
tn - Tunisia
51%
zm - Zambia
51%
tz - Tanzania
49%
uz - Uzbekistan
49%
mz - Mozambique
49%
lb - Lebanon
49%
bw - Botswana
49%
lt - Lithuania
49%
hn - Honduras
49%
bf - Burkina Faso
48%
ao - Angola
48%
ht - Haiti
48%
gm - Gambia
48%
dm - Dominica
48%
tj - Tajikistan
48%
np - Nepal
48%
jo - Jordan
48%
cg - Republic of the Congo
47%
ad - Andorra
47%
st - São Tomé and Príncipe
45%
lu - Luxembourg
45%
kr - South Korea
45%
nl - Netherlands
45%
va - Vatican City
45%
gh - Ghana
44%
gn - Guinea
44%
ki - Kiribati
44%
ls - Lesotho
44%
jm - Jamaica
44%
fj - Fiji
43%
mt - Malta
43%
qa - Qatar
43%
cy - Cyprus
43%
mc - Monaco
42%
sz - Swaziland
42%
tm - Turkmenistan
40%
sv - El Salvador
39%
mw - Malawi
39%
kg - Kyrgyzstan
39%
lv - Latvia
38%
dj - Djibouti
38%
tw - Taiwan
38%
nr - Nauru
35%
ee - Estonia
35%
bb - Barbados
35%
tg - Togo
34%
cv - Cape Verde
34%
rw - Rwanda
32%
mm - Myanmar
31%
by - Belarus
31%
zw - Zimbabwe
30%
rs - Serbia
29%
mv - Maldives
29%
sc - Seychelles
29%
sb - Solomon Islands
29%
hr - Croatia
27%
kw - Kuwait
27%
cf - Central African Republic
25%
fm - Federated States of
Micronesia
23%
sg - Singapore
23%
gd - Grenada
23%
tv - Tuvalu
23%
lr - Liberia
22%
vu - Vanuatu
22%
tt - Trinidad and Tobago
22%
bj - Benin
21%
kv - Kosovo
19%
dz - Algeria
18%
tl - East Timor
18%
mh - Marshall Islands
17%
kn - Saint Kitts and Nevis
17%
gw - Guinea-Bissau
16%
mk - Macedonia
16%
kh - Cambodia
16%
vc - Saint Vincent and the
Grenadines
13%
lc - Saint Lucia
13%
gq - Equatorial Guinea
13%
lk - Sri Lanka
12%
pw - Palau
12%
td - Chad
10%
ws - Samoa
9%
kp - North Korea
8%
km - Comoros
5%

Score Distribution

Percentile by Number Answered

Percent of People with Each Score

Your Score History

You have not taken this quiz